• 首页
  • 本馆介绍
  • 公告通知
  • 最新文献
  • 馆藏检索
  • 电子资源
  • 读者导购
  • 参考咨询
  • 我的图书馆
  • 登录
  • 详细信息显示
  • 放入我的书架
  • 预约/预借图书
  • 作者相关作品
  • 分类相关作品
  • 丛书相关作品
  • 出版社相关作品

书目信息

  • 表格格式
  • 工作单格式
  • 卡片格式
题名:
生态容量及环境价值损失评价
    
 
作者: 刘年丰 主编
分册:  
出版信息: 北京   化学工业出版社  2005
页数: 208页
开本: 24cm
丛书名:
单 册:
中图分类: X826
科图分类:
主题词: 环境生态评价--研究 , 环境生态评价
电子资源:
ISBN: 7-5025-7020-9
000 00908nam0 2200265 450
001 002930078
005 20070805152155.90
009 002930078
010    @a7-5025-7020-9@dCNY36.00
035    @a002930078
100    @a20050628d2005 em y0chiy0110 ea
101 0  @achi
102    @aCN@b110000
105    @aa z 000yy
106    @ar
200 1  @a生态容量及环境价值损失评价@Asheng tai rong liang ji huan jing jia zhi sun shi ping jia@f刘年丰主编@Fliu nian feng zhu bian
210    @a北京@c化学工业出版社@d2005
215    @a208页@c图@d24cm
330    @a本书介绍了基于生态足迹分析的生态容量、生态赤字的定量化评价方法以及生态环境价值损失的经济分析方法,提出了空间综合生态足迹分析的框架和新的生态容量计算方法——资源产量法。
606 0  @a环境生态评价@x研究
606 0  @a环境生态评价
690    @aX826@v4
701  0 @a刘年丰@Aliu nian feng@4主编
801  0 @aCN@bNLC@c20070805
905    @dX826@e123@f5
    
    生态容量及环境价值损失评价/刘年丰主编.-北京:化学工业出版社,2005
    208页:图;24cm
    
    
    ISBN 7-5025-7020-9:CNY36.00
    本书介绍了基于生态足迹分析的生态容量、生态赤字的定量化评价方法以及生态环境价值损失的经济分析方法,提出了空间综合生态足迹分析的框架和新的生态容量计算方法——资源产量法。
●
相关链接 在E读中查询图书 在五车中查询图书 在当当中查询图书 在豆瓣中查询图书


正题名:生态容量及环境价值损失评价     索取号:X826/123         预约/预借

序号 登录号 条形码 馆藏地/架位号 状态 备注
1 0850909   208509096   第二样本阅览室/ [索取号:X826/123] 在馆    
2 0850910   208509103   第三借阅区/ [索取号:X826/123] 在馆    
3 0850911   208509112   第三借阅区/ [索取号:X826/123] 在馆    
4 0850912   208509121   第三借阅区/ [索取号:X826/123] 在馆    
5 0850913   208509130   第三借阅区/ [索取号:X826/123] 在馆    
唐山师范学院图书馆 欢迎您!
大连网信软件有限公司© 版权所有